[Event "XXI Carlos Torre"]
[Site "Merida MEX"]
[Date "2008.12.16"]
[Round "5"]
[White "Garmendez Gonzalez,C"]
[Black "Cordova,Em"]
[Result "0-1"]
[WhiteElo "2189"]
[BlackElo "2533"]

1.e4 e6 2.d4 d5 3.Nd2 Be7 4.Ngf3 c5 5.exd5 exd5 6.dxc5 Bxc5 7.Nb3 Bb6 8.Bg5 f6
9.Bb5+ Nc6 10.Qe2+ Ne7 11.Be3 O-O 12.O-O-O Bg4 13.h3 Bxf3 14.Qxf3 Rc8 15.Bxc6 bxc6
16.Rhe1 c5 17.Qg4 Kh8 18.c3 Re8 19.Kb1 Ng6 20.f4 a5 21.c4 d4 22.Bd2 Rf8 23.Nc1 Ne7
24.Re6 Nc6 25.Nd3 a4 26.Rde1 Ba5 27.Bxa5 Qxa5 28.R6e2 f5 29.Qh5 a3 30.Re8 g6
31.Rxf8+ Rxf8 32.Qh6 Rb8 33.Qh4 Kg8 34.Qf2 axb2 35.Qc2 Qc3 36.Re2 Nb4 37.Nxb4 Rxb4
38.Qxc3 dxc3 39.Re1 Kf7 40.g3 Rxc4 41.Kc2 Ra4 42.Kb3 c4+ 43.Kxc3 Rxa2 44.Rb1 Ra3+
45.Kxc4 Rxg3 46.Rxb2 Rxh3 47.Rb7+ Kf6 48.Kd4 h5 49.Rb6+ Kg7 50.Rb7+ Kh6 51.Rb8 h4
52.Rh8+ Kg7 53.Ra8 Rf3 54.Ra7+ Kh6 55.Ke5 Rb3 56.Ra8 Rb5+ 57.Kd4 Kh5 58.Re8 Rb3
59.Rh8+ Kg4 60.Rh6 Rb6 61.Ke3 Kg3  0-1

[Event "ch-Paulista do Interior"]
[Site "Santos BRA"]
[Date "2008.12.20"]
[Round "4"]
[White "Cominato Neto,J"]
[Black "Coelho,L"]
[Result "1/2-1/2"]
[WhiteElo "2150"]
[BlackElo "2398"]

1.e4 e6 2.d4 d5 3.Nd2 Nc6 4.Ngf3 Nf6 5.e5 Nd7 6.Be2 f6 7.exf6 Qxf6 8.Nf1 Bd6
9.Ne3 O-O 10.O-O Qg6 11.c4 Nf6 12.Re1 Bd7 13.Bd3 Qh5 14.c5 Bf4 15.Nf1 e5
16.dxe5 Bxe5 17.Nxe5 Qxd1 18.Rxd1 Nxe5 19.Bf4 Rae8  1/2-1/2

[Event "8th Amplico AIG Life Rapid"]
[Site "Warsaw POL"]
[Date "2008.12.21"]
[Round "11"]
[White "Zinchenko,Ya"]
[Black "Bartel,Mat"]
[Result "1/2-1/2"]
[WhiteElo "2536"]
[BlackElo "2602"]

1.e4 e6 2.d4 d5 3.Nd2 Be7 4.Bd3 c5 5.dxc5 Nd7 6.exd5 exd5 7.Nb3 Nxc5 8.Nxc5 Bxc5
9.Qe2+ Qe7 10.Qxe7+ Nxe7 11.Nf3 f6 12.O-O Bg4 13.Nd2 Kf7 14.Nb3 Bb6 15.Re1 Nc6
16.c3 Rhe8 17.Bf4 g5 18.Bd6 h5 19.Bc5 Ne5 20.Bf1 Nc4 21.Rxe8 Rxe8 22.Bxb6 axb6
23.Bxc4 dxc4 24.Nd4 h4 25.f3 Bh5 26.Kf2 Bg6 27.Re1 Rxe1 28.Kxe1 Ke7 29.Kf2 Kd6
30.Ke3 Bb1 31.a3 Kd5 32.g3 hxg3 33.hxg3 Ke5 34.g4 Bg6 35.Ne2 Be8 36.Ng3 Bg6
37.Ne2 Be8 38.Nd4 Bd7  1/2-1/2

[Event "Open A"]
[Site "Groningen NED"]
[Date "2008.12.22"]
[Round "2"]
[White "Reinderman,D"]
[Black "Khantuev,A"]
[Result "1-0"]
[WhiteElo "2543"]
[BlackElo "2349"]

1.e4 e6 2.d4 d5 3.Nd2 Be7 4.Ngf3 Nf6 5.Bd3 c5 6.dxc5 dxe4 7.Nxe4 Nxe4 8.Bxe4 Qxd1+
9.Kxd1 Bxc5 10.Ke2 Nd7 11.Bd2 Bd6 12.Rhd1 Ke7 13.Bc3 Nc5 14.Rxd6 Nxe4 15.Rd3 Nxc3+
16.Rxc3 Rd8 17.Rd1 Rxd1 18.Kxd1 Kd6 19.Ng5 f6 20.Ne4+ Ke5 21.f3 b6 22.Rc7 f5
23.Ng5 h6 24.Nf7+ Kd5 25.c4+ Kd4 26.Kd2 Ba6 27.b3 g5 28.Rd7+ Kc5 29.Kc3  1-0

[Event "17th Donau Open"]
[Site "Aschach AUT"]
[Date "2008.12.27"]
[Round "2"]
[White "Eisenbeiser,A"]
[Black "Obermayr,H"]
[Result "1-0"]
[WhiteElo "2424"]
[BlackElo "2176"]

1.e4 e6 2.d4 d5 3.Nd2 a6 4.c3 Nf6 5.e5 Nfd7 6.Bd3 c5 7.Ndf3 Nc6 8.Ne2 cxd4
9.cxd4 f6 10.exf6 Nxf6 11.O-O Bd6 12.Bf4 O-O 13.Bxd6 Qxd6 14.Re1 Bd7 15.Ng3 Qf4
16.Rc1 Rac8 17.Rc3 Nb4 18.Bb1 Rxc3 19.bxc3 Nc6 20.Qc2 Qh6 21.h3 Nd8 22.Ne5 Be8
23.Re3 g6 24.Qb2 Bb5 25.Qb4 Nd7 26.Nf3 Qf4 27.Ne2 Qf6 28.Qd6 Rf7 29.Bc2 Bxe2
30.Rxe2 Qf4 31.Qxf4 Rxf4 32.Bd3 Nb6 33.Ne5 Nf7 34.Nxf7 Rxf7 35.Rxe6 Na4 36.Re8+ Rf8
37.Re3 Nxc3 38.Bxa6 bxa6 39.Rxc3 Rf4 40.Rd3 Kf7 41.Kf1 Re4 42.g3 Kf6 43.Kg2 h5
44.h4 Kf5 45.Rf3+ Ke6 46.Ra3 Rxd4 47.Rxa6+ Kf5 48.Rd6 Rd2 49.a4 g5 50.hxg5 Kxg5
51.a5 h4 52.gxh4+ Kxh4 53.Kf3 Kg5 54.Ke3 Rd1 55.a6 Kf5 56.Rd8 Ra1 57.Rxd5+ Ke6
58.Rh5 Ra3+ 59.Kf4 Ra4+ 60.Kg3 Kf6 61.Rh7 Kg6 62.Ra7 Kf5 63.Ra8 Kf6 64.a7 Kg7
65.f4  1-0

[Event "Open A"]
[Site "Groningen NED"]
[Date "2008.12.27"]
[Round "6"]
[White "De Groote,E"]
[Black "Khantuev,A"]
[Result "0-1"]
[WhiteElo "2208"]
[BlackElo "2349"]

1.e4 e6 2.d4 d5 3.Nd2 Be7 4.Bd3 Nf6 5.e5 Nfd7 6.f4 c5 7.c3 b6 8.Ndf3 Ba6
9.Bc2 Nc6 10.Nh3 Rc8 11.Nf2 cxd4 12.Nxd4 O-O 13.Nxc6 Rxc6 14.Be3 Qc7 15.a3 f6
16.Qh5 f5 17.Bd4 Bc5 18.O-O-O Bxd4 19.Rxd4 Rxc3 20.bxc3 Qxc3 21.Rb4 Qe3+
22.Kb1 Qxf2 23.Qg5 Rc8 24.Rb2 Qc5 25.g4 h6 26.Qh4 Qxa3 27.Rc1 Rc4 28.Rb3 Rb4
29.Qg3 Bc4 30.Rxb4 Qa2+  0-1

[Event "18th North American Open"]
[Site "Las Vegas USA"]
[Date "2008.12.27"]
[Round "2"]
[White "Brownscombe,T"]
[Black "Adamson,R"]
[Result "0-1"]
[WhiteElo "2196"]
[BlackElo "2324"]

1.e4 e6 2.d4 d5 3.Nd2 Nc6 4.Ngf3 Nf6 5.e5 Nd7 6.c3 f6 7.exf6 Qxf6 8.Bb5 Bd6
9.Nf1 O-O 10.Bg5 Qf7 11.Ne3 Qh5 12.g4 Qf7 13.Be2 Nf6 14.Bh4 Ne4 15.Qd3 Bf4
16.O-O-O Bd7 17.Bg3 a5 18.Nd2 Nxd2 19.Rxd2 Ne7 20.Bd1 Qg6 21.Qe2 c5 22.Bxf4 Rxf4
23.Bc2 Qe8 24.Ng2 Rf6 25.g5 Rf8 26.f4 Rc8 27.Kb1 b5 28.Re1 Qf7 29.Qd3 Nf5
30.Qh3 b4 31.dxc5 Rxc5 32.cxb4 axb4 33.Ne3 g6 34.Ng4 Qg7 35.Bxf5 gxf5 36.Ne5 Be8
37.Nd3 Rc6 38.Nxb4 Rc4 39.Nd3 Re4 40.Rc1 Qd4 41.Qg2 Re3 42.Nc5 Qxf4 43.Rf2 Qe5
44.h4 f4 45.Ka1 f3 46.Qf1 Re2 47.Nd3 Qe3 48.Rc2 Rxc2 49.Rxc2 Bb5 50.Rc3 f2
51.a4 Bxd3 52.Rxd3 Qxd3  0-1

[Event "World Open"]
[Site "Leon ESP"]
[Date "2008.12.27"]
[Round "5"]
[White "Fedorchuk,S"]
[Black "Rivas Pastor,M"]
[Result "1-0"]
[WhiteElo "2603"]
[BlackElo "2514"]

1.e4 e6 2.d4 d5 3.Nd2 Be7 4.Ngf3 Nf6 5.e5 Nfd7 6.Bd3 c5 7.c3 cxd4 8.cxd4 b6
9.Nf1 Ba6 10.Bxa6 Nxa6 11.Ng3 Rc8 12.O-O h5 13.h3 Nb4 14.a3 Nc6 15.b4 b5
16.Qe2 h4 17.Nh1 a6 18.Be3 Nb6 19.Nh2 Nc4 20.f4 g6 21.Nf2 Qb6 22.Nf3 Kf8
23.Nd3 Kg7 24.Bf2 Rh5 25.Nc5  1-0

[Event "Masters"]
[Site "Hastings ENG"]
[Date "2008.12.28"]
[Round "1"]
[White "Kwiatkowski,F"]
[Black "Rendle,T"]
[Result "0-1"]
[WhiteElo "2219"]
[BlackElo "2385"]

1.e4 e6 2.d4 d5 3.Nd2 Nc6 4.Ngf3 Nf6 5.e5 Nd7 6.Be2 Be7 7.O-O f6 8.exf6 Bxf6
9.c4 O-O 10.Nb3 Nb6 11.c5 Nd7 12.Bb5 e5 13.Bxc6 bxc6 14.Na5 e4 15.Nxc6 Qe8
16.Nfe5 Nxe5 17.Nxe5 Bxe5 18.dxe5 Qxe5 19.Be3 c6 20.Qd4 Qh5 21.Rfe1 Rf6 22.Bd2 Bg4
23.Re3 Bf3 24.gxf3 exf3 25.Kh1 Rg6 26.Rae1 Qh3 27.Re8+ Rxe8 28.Rxe8+ Kf7
29.Qf4+ Kxe8 30.Qb8+ Ke7 31.Qc7+ Qd7 32.Qe5+ Kf7 33.Bc3 h6 34.Bd4 Qg4  0-1

[Event "Masters"]
[Site "Hastings ENG"]
[Date "2008.12.28"]
[Round "1"]
[White "Grant,A"]
[Black "Young,C"]
[Result "1-0"]
[WhiteElo "2192"]
[BlackElo "2072"]

1.e4 e6 2.d4 d5 3.Nd2 Be7 4.e5 c5 5.Qg4 Bf8 6.dxc5 Nd7 7.Bb5 Qc7 8.Ngf3 Qxc5
9.c4 Nh6 10.Qf4 dxc4 11.Qxc4 Qxc4 12.Nxc4 Bb4+ 13.Ke2 O-O 14.Rd1 Nb8 15.Bg5 Bc5
16.Nd6 a6 17.Bd3 Bxd6 18.exd6 f6 19.Bxh6 gxh6 20.Rac1 Nc6 21.d7 Bxd7 22.Bxh7+ Kxh7
23.Rxd7+ Kg8 24.Rxb7 Rac8 25.Rc3 Na5 26.Rbc7 Rb8 27.b3 Rfd8 28.Nd2 Rd6 29.Ne4  1-0

[Event "Masters"]
[Site "Hastings ENG"]
[Date "2008.12.30"]
[Round "3"]
[White "Howell,D"]
[Black "Rendle,T"]
[Result "1-0"]
[WhiteElo "2593"]
[BlackElo "2385"]

1.e4 e6 2.d4 d5 3.Nd2 a6 4.Ngf3 Nf6 5.exd5 exd5 6.Bd3 Nc6 7.c3 Qe7+ 8.Be2 Bf5
9.O-O Qd7 10.Nh4 Bd6 11.Nxf5 Qxf5 12.Re1 O-O-O 13.Nf1 h5 14.Bd3 Qd7 15.Bg5 Ne7
16.Bxf6 gxf6 17.Qf3 Rh6 18.Ne3 Kb8 19.Nf5 Nxf5 20.Bxf5 Qc6 21.h4 Rhh8 22.Bd3 Qd7
23.Bf5 Qc6 24.Re2 Bf8 25.Rae1 Qd6 26.Re8 Ka7 27.g3 c6 28.Bh3 Rh6 29.Qe3 Rg6
30.Qf3 Rh6 31.Qe3 Rg6 32.Rxd8 Qxd8 33.Qe8 Qd6 34.Kg2 Rg7 35.b4 f5 36.Bxf5 Qh6
37.Re3 Bd6 38.a4 Qf6 39.Bc8 Bc7 40.Qe7 Qd6 41.a5 Qd8 42.Qxd8 Bxd8 43.Kf1 f6
44.Re8 Bc7 45.Ke2 Rh7 46.Bf5 Rg7 47.Rh8 b6 48.axb6+ Bxb6 49.Rxh5 a5 50.bxa5 Bxa5
51.Kd3  1-0

[Event "38th Rilton Cup 2008-9"]
[Site "Stockholm SWE"]
[Date "2008.12.30"]
[Round "4"]
[White "Kosmo,S"]
[Black "Krantz,C"]
[Result "0-1"]
[WhiteElo "2269"]
[BlackElo "2084"]

1.e4 e6 2.d4 d5 3.Nd2 Be7 4.Ngf3 Nf6 5.e5 Nfd7 6.Bd3 c5 7.c3 Nc6 8.O-O a5
9.Re1 cxd4 10.cxd4 Qb6 11.Nb1 Nxd4 12.Nxd4 Qxd4 13.Nc3 Bc5 14.Nb5 Qxf2+ 15.Kh1 O-O
16.Bg5 h6 17.Qh5 f5 18.Bxh6 Nxe5 19.Rxe5 Qxb2 20.Rae1 Rf7 21.R5e2 Qb4 22.Bd2 Qg4
23.Qxg4 fxg4 24.Be3 Bb4 25.Bd2 Bc5 26.Rc1 b6 27.Be3 Bd7 28.Ree1 Rc8 29.Bg1 Rf4
30.Rf1 Rxf1 31.Bxf1 e5 32.a4 Kf7 33.g3 Ke6 34.Bg2 Bxb5 35.axb5 Kd6 36.Rd1 d4
37.Be4 Bb4 38.Bc6 Rf8 39.Kg2 Rf7 40.Be4 a4 41.h3 gxh3+ 42.Kxh3 Bc3 43.g4 a3
44.Bb1 Kc5 45.Ba2 Rf8 46.Rd3 Kxb5 47.Kg2 e4 48.Rxd4 Bxd4 49.Bxd4 Rd8 50.Be3 Rd3
51.Bf4 e3 52.Kf3 Rd2 53.Bg8 a2 54.Be5 e2 55.Kf2 Rd1 56.Kxe2 a1=Q 57.Bxa1 Rxa1
58.Kf3 Ra4 59.Kg3 Kc5  0-1

[Event "XX Open"]
[Site "Roquetas de Mar ESP"]
[Date "2009.01.04"]
[Round "5"]
[White "Mogranzini,R"]
[Black "Fernandez Barrera,V"]
[Result "1-0"]
[WhiteElo "2417"]
[BlackElo "2284"]

1.e4 e6 2.d4 d5 3.Nd2 Be7 4.Bd3 c5 5.dxc5 Nf6 6.Qe2 Nc6 7.Ngf3 a5 8.a4 Nb4
9.e5 Nd7 10.Nb3 O-O 11.Bb5 Nxc5 12.Nxc5 Bxc5 13.c3 Nc6 14.O-O Bd7 15.Be3 Bxe3
16.Qxe3 Ne7 17.Bd3 f5 18.exf6 Rxf6 19.Ne5 Nf5 20.Bxf5 Rxf5 21.Rfe1 Ra6 22.f4 Be8
23.Nf3 Bh5 24.Nd4 Rf6 25.b3 h6 26.Ra2 Bg6 27.Qe5 Be4 28.Rf2 Qd6 29.g3 Qxe5
30.fxe5 Rxf2 31.Kxf2 Kf7 32.Ke3 Bg6 33.Rf1+ Ke7 34.Rf2 Be8 35.g4 Ra8 36.h4 Rc8
37.Kd2 Bd7 38.Rf1 Be8 39.Rb1 b6 40.Rf1 Bd7 41.Rf2 Be8 42.Nc2 Bd7 43.Na3 Rc5
44.Kd3 Be8 45.Kd4 Bd7 46.Nc2 Be8 47.Ne3 Bd7 48.Ng2 Be8 49.Nf4 Rc8 50.g5 Bf7
51.g6 Be8 52.h5 Rc7 53.Ne2 Rc8 54.Nc1 Rc7 55.Nd3 Rc8 56.Nb2 Rc5 57.Rf3 Rc7
58.Nd1 Rc5 59.Ne3 Rc8 60.Rf2 Rd8 61.Rf1 Rd7 62.Nc2 Rc7 63.Na3 Rc5 64.Nb5 Bxb5
65.Rf7+ Ke8 66.axb5 Rxb5 67.Rxg7 Rxb3 68.Rh7 Kf8 69.Rxh6 Rb1 70.Rh8+ Kg7
71.Rh7+ Kg8 72.Re7 Rd1+ 73.Ke3 Rh1 74.Rxe6 Rxh5 75.Kd4 b5 76.Ra6 b4 77.cxb4 axb4
78.Rb6 Rg5 79.Kxd5 b3 80.Rxb3 Rxg6 81.Rf3 Ra6 82.e6 Ra5+ 83.Kd6 Ra6+ 84.Ke5 Ra7
85.Kf6 Ra6 86.Rb3 Ra8 87.Rg3+ Kh7 88.Kf7 Kh6 89.e7  1-0

[Event "6th ch-Mediterranean"]
[Site "Antalya TUR"]
[Date "2009.01.15"]
[Round "7"]
[White "Sanal,V"]
[Black "Vojinovic,J"]
[Result "1-0"]
[WhiteElo "1873"]
[BlackElo "2331"]

1.e4 e6 2.d4 d5 3.Nd2 Nc6 4.Ngf3 Nf6 5.e5 Nd7 6.Bb5 a6 7.Bxc6 bxc6 8.Nb3 c5
9.Bg5 Be7 10.Na5 Nb8 11.Bxe7 Qxe7 12.c3 O-O 13.O-O Bd7 14.Qc2 Ra7 15.Rfe1 h6
16.h4 Rc8 17.Rac1 c4 18.b4 cxb3 19.axb3 c5 20.dxc5 Qxc5 21.b4 Qe7 22.g3 Rac7
23.Qd2 Bb5 24.Nd4 Bc4 25.Ra1 Qe8 26.f4 Bb5 27.Re3 Nd7 28.f5 Rd8 29.Qf2 Rdc8
30.Qf3 Qe7 31.Rc1 Kh7 32.Qg4 Re8 33.Rce1 Nb6 34.Rf3 Na4 35.Ree3 Nb2 36.Rf4 Na4
37.Qf3 Qd8 38.fxe6 fxe6 39.Qg4 Qe7 40.Rff3 Nb2 41.h5 Qg5 42.Qh3 Rce7 43.Rf4 Nd1
44.Re1 Nxc3 45.Nf3 Ne2+ 46.Rxe2 Qxf4 47.gxf4 Bxe2 48.Nd4 Bb5 49.Qg4 Bd7 50.Qg6+ Kg8
51.Nac6 Rf7 52.f5 Bxc6 53.fxe6 Rfe7 54.Nxc6 Rxe6 55.Qc2 Kh8 56.Qa4 Rc8 57.Nd4 Rxe5
58.Qxa6 Rf8 59.Qd3 Rg5+ 60.Kh2 Rf4 61.Nf3 Rxh5+ 62.Kg3 Rxb4 63.Qg6 Rh1 64.Qe8+ Kh7
65.Qe6 Rb8 66.Qf5+ Kh8 67.Qxd5 Rhb1 68.Ne5 R1b5 69.Qd6 R5b6 70.Qe7 Rf6 71.Kg4 Rb5
72.Qe8+ Kh7 73.Qxb5 Rf8 74.Qd5 Rf2 75.Nd7 Rb2 76.Kg3 Kg6 77.Nf6 Rb6 78.Ne4 Kh7
79.Kg4 Rd6 80.Nxd6  1-0

[Event "4NCL 2008-9"]
[Site "Sunningdale ENG"]
[Date "2009.01.17"]
[Round "5"]
[White "Churm,R"]
[Black "Berry,N"]
[Result "0-1"]
[WhiteElo "2192"]
[BlackElo "2317"]

1.e4 e6 2.d4 d5 3.Nd2 Nc6 4.Ngf3 Nf6 5.e5 Nd7 6.Be2 f6 7.exf6 Qxf6 8.Nf1 Bd6
9.Bg5 Qf7 10.Ne3 O-O 11.Bh4 Qh5 12.O-O Nf6 13.Bg3 Ne4 14.Nd2 Qg5 15.Nxe4 dxe4
16.c3 Ne7 17.Qc2 Qg6 18.Nc4 Nf5 19.Ne5 Bxe5 20.Bxe5 Nd6 21.f3 exf3 22.Qxg6 hxg6
23.Rxf3 Rxf3 24.gxf3 Bd7 25.Kf2 Rf8 26.Rg1 Be8 27.Bd3 Kh7 28.h4 Kh6 29.f4 Nf5
30.Bxc7 Bc6 31.Re1 Bd7 32.Rh1 Bc6 33.Rh2 Rc8 34.Be5 Bd5 35.a3 Rc6 36.Ke1 Ne3
37.Kd2 Nc4+ 38.Kc1 Ne3 39.Be2 Nf5 40.h5 g5 41.Bd3 g4 42.Re2 g3 43.Kd2 Kxh5
44.Re1 Kg4 45.Be2+ Bf3 46.Bd3 Rc8 47.d5 Bxd5 48.Bxf5+ exf5 49.Ke3 Rh8 50.c4 Bxc4
51.Bxg7 Rh2 52.Rg1 Rf2 53.Bd4 Rf3+ 54.Kd2 Rd3+  0-1

[Event "TCh-BEL 2008-9"]
[Site "Belgium BEL"]
[Date "2009.01.18"]
[Round "7"]
[White "Libiszewski,F"]
[Black "Claesen,P"]
[Result "1-0"]
[WhiteElo "2487"]
[BlackElo "2371"]

1.e4 e6 2.d4 d5 3.Nd2 Be7 4.Ngf3 Nf6 5.e5 Nfd7 6.Bd3 c5 7.c3 Nc6 8.O-O g5
9.dxc5 g4 10.Nd4 Ncxe5 11.Bb5 a6 12.Bxd7+ Bxd7 13.f4 gxf3 14.N2xf3 Ng6 15.Bh6 Rg8
16.Kh1 Qc7 17.Ng5 e5 18.Nf5 Qxc5 19.Nxe7 Nxe7 20.Nxf7 Bf5 21.Nxe5 O-O-O 22.Qd4 Qxd4
23.cxd4 Be4 24.Rac1+ Kb8 25.Nf3 Nf5 26.Bf4+ Ka8 27.Ng5 Rxg5 28.Bxg5 Rg8 29.Rxf5 Bxf5
30.h4 Be4 31.Re1 h6 32.Bxh6 Bxg2+ 33.Kh2 Rg4 34.Bg5 Bf3 35.Re3 Bd1 36.Re8+ Ka7
37.Re1 Bf3 38.Kh3 Kb8 39.Re3 Bd1 40.Rd3 Rg1 41.Be3 Bg4+ 42.Kh2 Re1 43.Kg3 Bf5
44.Rb3 Rh1 45.Rc3 Be6 46.Bf4+ Ka8 47.Bg5 Rd1 48.Re3 Bd7 49.Re7 Bb5 50.h5 Bd3
51.h6 Rh1 52.Bh4 Rg1+ 53.Kf4 Rg8 54.Bf6 Rg6 55.Bg5 Rg8 56.Rg7 Rh8 57.Ke5 Be4
58.Kf6 Ka7 59.Re7 Kb6 60.Kg7 Rh7+ 61.Kg8  1-0

[Event "1st Open"]
[Site "Gurgon IND"]
[Date "2009.01.26"]
[Round "7"]
[White "Ismagambetov,An"]
[Black "Shyam,SM"]
[Result "1/2-1/2"]
[WhiteElo "2523"]
[BlackElo "2426"]

1.e4 e6 2.d4 d5 3.Nd2 Be7 4.Ngf3 Nf6 5.Bd3 c5 6.dxc5 dxe4 7.Nxe4 Nxe4 8.Bxe4 Qxd1+
9.Kxd1 Bxc5 10.Ke2 Nd7 11.Rd1 Nf6 12.Bd3 Ke7 13.c3 Rd8 14.Rb1 Bd7 15.b4 Ba4
16.Rf1 Rxd3 17.bxc5 Rxc3 18.Bd2 Rc2 19.Rxb7+ Ke8 20.Rc1 Rxc1 21.Bxc1 Bc6
22.Rb2 Bxf3+ 23.Kxf3 Rc8 24.Be3 Rc7 25.Bd4 Nd7 26.Bxg7 Rxc5 27.Rb4 f6 28.Bh6 Ra5
29.Be3 Rxa2 30.Rh4 Nf8 31.Bc5 Nd7 32.Be3 Nf8 33.Rh6 Ng6 34.Rxh7 a5 35.h4 a4
36.Kg3 Ne7 37.h5 Nf5+ 38.Kf4 Nxe3 39.Kxe3 a3 40.Ra7 Kf8 41.g4 Ra1 42.Kf3 Kg8
43.Kg2 e5 44.Kf3 a2 45.Ra6 Kg7 46.Ra8 Kh7 47.Ra7+ Kg8 48.h6 Kh8 49.h7 Rg1  1/2-1/2

[Event "7th Gibtelecom Masters"]
[Site "Caleta ENG"]
[Date "2009.01.27"]
[Round "1"]
[White "Tscharotschkin,M"]
[Black "Berczes,D"]
[Result "0-1"]
[WhiteElo "2247"]
[BlackElo "2513"]

1.e4 e6 2.d4 d5 3.Nd2 Be7 4.Bd3 c5 5.dxc5 Nf6 6.Qe2 a5 7.Ngf3 O-O 8.O-O Nfd7
9.exd5 exd5 10.c3 Nc6 11.Nb3 a4 12.Nbd4 Nxc5 13.Re1 Bf6 14.Be3 Re8 15.Qc2 Nxd3
16.Qxd3 Bg4 17.Nxc6 bxc6 18.Bd4 Qd6 19.Bxf6 Qxf6 20.Rxe8+ Rxe8 21.Re1 Rb8
22.Ne5 Re8 23.Qd4 h5 24.Re3 Rb8 25.h3 Rxb2 26.Rg3 Be6 27.Rf3 Qg5 28.Nxc6 h4
29.Kh2 Rxa2 30.Qb4 g6 31.Qb8+ Kg7 32.Qe8 Ra1 33.Ne7 Qe5+ 34.g3 hxg3+ 35.Rxg3 Ra2
36.Qg8+ Kh6 37.Qf8+ Kh5 38.Kg2 Qe4+ 39.Rf3 Bxh3+ 40.Kh2 Qxf3 41.Qh8+ Kg4  0-1

[Event "ch-PriFO"]
[Site "Kazan RUS"]
[Date "2009.01.28"]
[Round "8"]
[White "Tukhvatullin,V"]
[Black "Skomorokhin,R"]
[Result "1/2-1/2"]
[WhiteElo "2227"]
[BlackElo "2413"]

1.e4 e6 2.d4 d5 3.Nd2 Be7 4.Bd3 c5 5.dxc5 Nf6 6.Ngf3 dxe4 7.Nxe4 Nxe4 8.Bxe4 Qxd1+
9.Kxd1 Bxc5 10.Ke2 Nd7 11.Bf4 Nf6 12.Nd2 O-O 13.Rhd1 Re8 14.f3 Nd5 15.Bg3 Ne3
16.Rg1 Nf5 17.Bf2 Nd4+ 18.Ke1 e5 19.Nb3 Bb6 20.c3 f5 21.Bd5+ Be6 22.Bxe6+ Nxe6
23.Bxb6 axb6 24.g3 Red8 25.Ke2 Rd5 26.Rgd1 Rxd1 27.Kxd1 Kf7 28.a4 Ke7 29.a5 b5
30.Kc2 Ng5 31.f4 exf4 32.gxf4 Ne6 33.Nd4 Nxd4+ 34.cxd4 Rc8+ 35.Kd3 Rc4 36.Re1+ Kd6
37.Re5 Rb4 38.Kc3 Rc4+ 39.Kd3 Rb4 40.Kc3 Rc4+ 41.Kd3  1/2-1/2

[Event "7th Gibtelecom Masters"]
[Site "Caleta ENG"]
[Date "2009.01.29"]
[Round "3"]
[White "Carlsen,E"]
[Black "Walton,A"]
[Result "1/2-1/2"]
[WhiteElo "1888"]
[BlackElo "2189"]

1.e4 e6 2.d4 d5 3.Nd2 Be7 4.Ngf3 Nf6 5.e5 Nfd7 6.Bd3 c5 7.c3 Nc6 8.O-O O-O
9.Re1 f6 10.exf6 Nxf6 11.Nf1 cxd4 12.cxd4 Qb6 13.a3 Bd7 14.b4 Bd6 15.Bb2 Rae8
16.Rc1 Nd8 17.Qc2 Nf7 18.Ng3 Bb5 19.Bxb5 Qxb5 20.Ne5 Nh6 21.h3 Bxe5 22.dxe5 Nd7
23.Bd4 Nb6 24.Bxb6 Qxb6 25.Qc5 Qa6 26.Qe3 Rc8 27.Nh5 Qb6 28.Qg3 Rc7 29.Rxc7 Qxc7
30.Qg5 Rf5 31.Qh4 Rxe5 32.Rxe5 Qxe5 33.Qd8+ Kf7 34.Qd7+ Kg6 35.Ng3 Nf7 36.Kh2 h5
37.f4 Qxf4 38.Qxe6+ Kh7 39.Qxd5 h4  1/2-1/2

[Event "1st Open"]
[Site "Gurgon IND"]
[Date "2009.01.29"]
[Round "10"]
[White "Sethuraman,S"]
[Black "Saravana,Kr"]
[Result "1/2-1/2"]
[WhiteElo "2415"]
[BlackElo "2243"]

1.e4 e6 2.d4 d5 3.Nd2 a6 4.Ngf3 c5 5.exd5 exd5 6.Qe2+ Be7 7.dxc5 Nf6 8.Nb3 O-O
9.Be3 a5 10.a4 Re8 11.h3 Na6 12.Qd1 Nxc5 13.Nbd4 Bd6 14.Bb5 Rxe3+ 15.fxe3 Bg3+
16.Kf1 Nfe4 17.Ne2 Qf6 18.Qd4 Be5 19.Qd1 Bxb2 20.Rb1 Bc3 21.Kg1 Bf5 22.Bd3 Rd8
23.Bxe4 Nxe4 24.Rxb7 Bb4 25.Qd4 Qd6 26.Qe5 Qc5 27.Nfd4 Bc8 28.Qc7 Qf8 29.Rxb4 axb4
30.Kh2 Ba6 31.Ng3 Rc8 32.Qf4 Nc5 33.Ngf5 Ne6 34.Qe5 Nxd4 35.Nxd4 Bc4 36.Rd1 Re8
37.Qg3 g6 38.a5 Kh8 39.Ra1 Ba6 40.Rb1 Qc5 41.Qf4 Kg8 42.Ra1 Qc3 43.Rb1 Kg7
44.Qd6 Bc4 45.Qxb4 Qxe3 46.Nf3 Qf2 47.Qc3+ Kg8 48.Qd2 Re2 49.Rb8+ Kg7 50.Qd4+ Qxd4
51.Nxd4 Rd2 52.c3 Ra2 53.Nc6 Ra3 54.Rb6 h5 55.h4 Rxc3 56.a6 Ra3 57.a7 d4
58.Rb8 Bd5 59.a8=Q Rxa8 60.Rxa8 Bxc6 61.Rd8 Be4 62.Rxd4 Bf5 63.Kg3 Bc8 64.Kf4 Be6
65.Ke5 Bg4 66.Kd6 Be6 67.g3 Kf6 68.Rf4+ Kg7 69.Ke7 Bd5 70.Rd4 Be6 71.Rd6 Bc4
72.Rf6  1/2-1/2

[Event "TCh-BEL 2008-9"]
[Site "Belgium BEL"]
[Date "2009.02.02"]
[Round "8"]
[White "Mullon,J"]
[Black "Polaczek,R"]
[Result "1-0"]
[WhiteElo "2354"]
[BlackElo "2419"]

1.e4 e6 2.d4 d5 3.Nd2 a6 4.Bd3 c5 5.dxc5 Bxc5 6.Ngf3 Nf6 7.Qe2 Nc6 8.a3 O-O
9.O-O Re8 10.e5 Nd7 11.b4 Bf8 12.Bb2 Nb6 13.Rad1 Na4 14.Ba1 a5 15.b5 Na7
16.c4 Bd7 17.cxd5 exd5 18.Nd4 Rc8 19.Qe3 Qb6 20.N2f3 h6 21.Bc2 Nc5 22.a4 Bg4
23.h3 Be6 24.Nxe6 fxe6 25.Bd4 Qc7 26.Rc1 b6 27.Nh2 Rcd8 28.Qg3 Qf7 29.Bg6 Qd7
30.Ng4 Kh8 31.Bxe8 Rxe8 32.Bxc5 Bxc5 33.Kh1 Nc8 34.Qd3 Qf7 35.f4 Ne7 36.Nh2 Rf8
37.Rce1 Qf5 38.Rd1 Qf7 39.g3 Nf5 40.Rde1 Ne7 41.Kg2 Nf5 42.g4 Ne7 43.Kh1 g6
44.Nf3 d4 45.Nh4 Rg8 46.Qe4 Nd5 47.f5 gxf5 48.gxf5 Qh5 49.fxe6 Nc3 50.Qf5 Qxh4
51.Qf6+ Qxf6 52.exf6 d3 53.e7 Ne2 54.f7 Bxe7 55.fxg8=Q+ Kxg8 56.Rxe2 dxe2
57.Re1  1-0

[Event "7th Gibtelecom Masters"]
[Site "Caleta ENG"]
[Date "2009.02.02"]
[Round "7"]
[White "Calzetta,M"]
[Black "Heinis,V"]
[Result "0-1"]
[WhiteElo "2371"]
[BlackElo "2170"]

1.e4 e6 2.d4 d5 3.Nd2 Nc6 4.Ngf3 Nf6 5.e5 Nd7 6.Bb5 a6 7.Be2 f6 8.exf6 Qxf6
9.Nf1 Bd6 10.Ne3 O-O 11.O-O Qg6 12.c4 Nf6 13.c5 Bf4 14.g3 Ne4 15.Ng2 Bxc1
16.Rxc1 Bd7 17.a3 Be8 18.b4 Qf6 19.h4 Bh5 20.Nge1 Qh6 21.Rc2 Rf6 22.Ne5 Nxg3
23.Bxh5 Nxh5 24.Ng2 Nxe5 25.dxe5 Rf5 26.c6 b6 27.Re1 Raf8 28.Qd3 Nf4 29.Qe3 Qg6
30.Qg3 Qxg3 31.fxg3 Nd3 32.Rd1 Nxe5 33.Nf4 R8f6 34.Kg2 Nc4 35.Rc3 Nd6 36.a4 Kf7
37.Re3 Rxf4 38.gxf4 Rxf4 39.Rf1 Rxf1 40.Kxf1 Nf5 41.Rh3 h5 42.Kf2 e5 43.Rc3 Ke6
44.Rc1 e4 45.Rg1 d4 46.Rg5 d3 47.Ke1 e3 48.Rxh5 Nd4  0-1

[Event "Open C Women"]
[Site "Moscow RUS"]
[Date "2009.02.07"]
[Round "8"]
[White "Pogonina,N"]
[Black "Matveeva,S"]
[Result "1/2-1/2"]
[WhiteElo "2467"]
[BlackElo "2422"]

1.e4 e6 2.d4 d5 3.Nd2 a6 4.Ngf3 c5 5.dxc5 Bxc5 6.Nb3 Bb6 7.exd5 exd5 8.Bd3 Qe7+
9.Qe2 Nc6 10.Bg5 f6 11.Bd2 Bg4 12.Qxe7+ Ngxe7 13.Be2 O-O 14.O-O Nf5 15.Rfe1 Rfe8
16.c3 Rad8 17.h3 Bxf3 18.Bxf3 Ne5 19.Be2 Ng3 20.Be3 Bxe3 21.fxe3 Nc4 22.Nc5 Nxe2+
23.Rxe2 Rc8 24.Nd3 Rxe3 25.Rxe3 Nxe3 26.Re1 Nf5 27.g4 Nd6 28.Re7 b5  1/2-1/2

[Event "TCh-BEL 2008-9"]
[Site "Belgium BEL"]
[Date "2009.02.15"]
[Round "9"]
[White "Dutreeuw,M"]
[Black "Wiley,To"]
[Result "1-0"]
[WhiteElo "2388"]
[BlackElo "2310"]

1.e4 e6 2.d4 d5 3.Nd2 Be7 4.c3 dxe4 5.Nxe4 Nf6 6.Nxf6+ Bxf6 7.Nf3 Nd7 8.Bd3 c5
9.Be3 Qc7 10.Qc2 h6 11.O-O-O a6 12.Be4 cxd4 13.Nxd4 Nc5 14.Bf3 Bd7 15.Nb3 Nxb3+
16.Qxb3 Bc6 17.Qc4 Rc8 18.Bxc6+ Qxc6 19.Qxc6+ Rxc6 20.Bd4 e5 21.Rhe1 Re6
22.Bc5 Be7 23.Rd5 e4 24.Red1 O-O 25.Bxe7 Rxe7 26.Rd7 Rfe8 27.Rxe7 Rxe7 28.Rd8+ Kh7
29.Kd2 f5 30.Ke3 g5 31.g3 Kg7 32.Rd6 Rc7 33.h3 Re7 34.a3 Kh7 35.Rf6 Re5 36.Rf7+ Kg6
37.Rxb7 Re6 38.c4 Kf6 39.c5 Ke5 40.Rb6 f4+ 41.gxf4+ gxf4+ 42.Ke2 Rxb6 43.cxb6 Kd6
44.Kd2 Kc6 45.Kc3 Kxb6 46.Kd4 e3 47.fxe3 fxe3 48.Kxe3 Kc5 49.Kd3 a5 50.b3 Kd5
51.h4 h5 52.Ke3 Ke5 53.b4  1-0

[Event "Winter Open"]
[Site "Stillwater USA"]
[Date "2009.02.16"]
[Round "7"]
[White "Langer,M USA"]
[Black "Holt,C"]
[Result "0-1"]
[WhiteElo "2264"]
[BlackElo "2254"]

1.e4 e6 2.d4 d5 3.Nd2 Be7 4.c3 c5 5.dxc5 Bxc5 6.Nb3 Bb6 7.exd5 exd5 8.Nf3 Nf6
9.Bb5+ Nc6 10.Qe2+ Ne4 11.Be3 O-O 12.Nfd4 Ne5 13.O-O-O a6 14.Bd3 Re8 15.Rhe1 Bd7
16.f3 Nd6 17.Bc2 a5 18.Bf4 Ng6 19.Qd3 Qf6 20.Bxd6 Qxd6 21.Nf5 Bxf5 22.Qxf5 Rxe1
23.Rxe1 a4 24.Nd2 a3 25.b3 Qc7 26.Qd3 Rd8 27.g3 d4 28.c4 Ba5 29.Re2 Nf8 30.f4 g6
31.f5 Bc3 32.Kb1 Nd7 33.Ne4 Ne5 34.Qd1 d3 35.Nxc3 dxe2 36.Qxe2 Qc5 37.Nd5 Qd4
38.Be4 Qg1+ 39.Kc2 Qa1 40.Bd3 Qxa2+ 41.Kc3 Qxe2 42.Bxe2 Ra8  0-1

[Event "73rd ch-BUL"]
[Site "Blagoevgrad BUL"]
[Date "2009.02.20"]
[Round "11"]
[White "Berbatov,K"]
[Black "Rusev,K"]
[Result "1-0"]
[WhiteElo "2392"]
[BlackElo "2546"]

1.e4 e6 2.d4 d5 3.Nd2 Be7 4.Bd3 c5 5.dxc5 Nf6 6.Qe2 O-O 7.Ngf3 a5 8.h4 h6
9.c3 Na6 10.e5 Nd7 11.Nb3 f6 12.Bf4 fxe5 13.Bxe5 Rxf3 14.gxf3 Nxe5 15.Qxe5 a4
16.Nd2 Nxc5 17.Qe3 e5 18.c4 d4 19.Qe2 Be6 20.Kf1 Ra6 21.Ne4 Nxd3 22.Qxd3 Qc8
23.Rc1 Bxh4 24.Rxh4  1-0

[Event "TCh-HUN 2008-9"]
[Site "Budapest HUN"]
[Date "2009.02.22"]
[Round "8"]
[White "Szuk,B"]
[Black "Pap,G"]
[Result "1/2-1/2"]
[WhiteElo "2416"]
[BlackElo "2467"]

1.e4 e6 2.d4 d5 3.Nd2 Nc6 4.Ngf3 Nf6 5.e5 Nd7 6.Nb3 Be7 7.Bb5 a5 8.a4 Na7
9.Bd3 b6 10.h4 c5 11.c4 Bb7 12.Qe2 Rc8 13.dxc5 dxc4 14.Bxc4 Bxf3 15.gxf3 Nxc5
16.Be3 Nxb3 17.Bxb3 O-O 18.Rg1 Bb4+ 19.Kf1 Qxh4 20.Bg5 Qh3+ 21.Rg2 Qh1+ 22.Rg1 Qh3+
23.Rg2 Nc6 24.Qe4 Be7 25.Bf4 Rfd8 26.Rc1 Bc5 27.Be3 Nb4 28.Bg5 Rd7 29.Kg1 Nd3
30.Rc3 Nxb2 31.Rh2 Qg3+ 32.Rg2 Qh3 33.Rh2 Qg3+ 34.Rg2  1/2-1/2